El arte de escuchar la música.
Saved in:
| Main Author: | |
|---|---|
| Other Authors: | |
| Format: | Book |
| Language: | Spanish |
| Published: |
Barcelona, España:
Paidós,
2006.
|
| Edition: | 1a. edición. |
| Series: | Paidós de música,
|
| Subjects: | |
| Tags: |
Add Tag
No Tags, Be the first to tag this record!
|
MARC
| LEADER | 00000nam a22000007a 4500 | ||
|---|---|---|---|
| 003 | CL-VaPUC | ||
| 005 | 20250321101920.0 | ||
| 008 | 250115t2006 ||||| |||| 00| 0 spa d | ||
| 999 | |c 446525 |d 446523 | ||
| 020 | |a 978-84-493-1881-8 | ||
| 040 | |c Pontificia Universidad Católica de Valparaíso | ||
| 082 | |2 22 |a 781.17 CAS 2006 | ||
| 100 | |9 895411 |a Casini, Claudio |e autor | ||
| 245 | |a El arte de escuchar la música. | ||
| 250 | |a 1a. edición. | ||
| 260 | |a Barcelona, España: |b Paidós, |c 2006. | ||
| 300 | |a 211 páginas. | ||
| 490 | |a Paidós de música, |n 18. | ||
| 500 | |a c.1-c.2 Instituto Arcos. 08-01-2025 | ||
| 583 | |c 20250115 |k Yessy Sthefany Diaz Vidal | ||
| 650 | 0 | |9 306269 |a Música |v Guía de audición | |
| 650 | 0 | |9 306269 |a Música |x Apreciación | |
| 650 | 0 | |9 306741 |a Historia de la música |x Compositores, intérpretes, etc. | |
| 700 | |9 895412 |a Martí i Viudes, Manel |e traductor | ||
| 942 | |2 ddc |c BK |n 0 | ||
| 952 | |0 0 |1 0 |2 ddc |4 0 |6 781_170000000000000_CAS_2006 |7 0 |8 A |9 599310 |a BIBINC |b BIBINC |d 2025-01-15 |e Instituto Arcos |i 5664263 |o 781.17 CAS 2006 |p 5664263 |r 2025-01-15 |t 1 |w 2025-01-15 |y BK |k IFP | ||
| 952 | |0 0 |1 0 |2 ddc |4 0 |6 781_170000000000000_CAS_2006 |7 0 |8 A |9 599311 |a BIBINC |b BIBINC |d 2025-01-15 |e Instituto Arcos |i 5664306 |l 1 |m 1 |o 781.17 CAS 2006 |p 5664306 |r 2025-04-02 |s 2025-03-27 |t 2 |w 2025-01-15 |y BK |k IFP | ||